Instrucciones para el uso de las pistas sintéticas
Na minha lista:
| Autor Corporativo: | |
|---|---|
| Formato: | Livro |
| Idioma: | espanhol |
| Publicado em: |
Santiago
DIGEDER
1978
|
| Assuntos: | |
| Tags: |
Adicionar Tag
Sem tags, seja o primeiro a adicionar uma tag!
|
MARC
| LEADER | 00000nam a2200000 a 4500 | ||
|---|---|---|---|
| 001 | UCY4224 | ||
| 003 | CL-VaPUC | ||
| 008 | 950303e19780000CL |||||||||||||||||spa|d | ||
| 082 | 0 | 4 | |a 796.42068 |b DIG |2 21 |
| 110 | 2 | |a DIGEDER, Chile |e author |9 332633 | |
| 245 | 1 | 0 | |a Instrucciones para el uso de las pistas sintéticas |
| 300 | |a 24 p | ||
| 942 | |c BK | ||
| 945 | |d 19950303 00:00:00 |a rbrito | ||
| 260 | |a Santiago |b DIGEDER |c 1978 | ||
| 650 | 7 | |a PISTAS SINTETICAS PARA DEPORTE |2 CL-VaPUC |9 332634 | |
| 583 | |a last modification |c 20181001 02:14:47 |k Rodrigo Vera | ||
| 999 | |c 232144 |d 232142 | ||
| 952 | |0 0 |1 0 |4 0 |6 796_420680000000000_DIG_1978 |7 0 |8 P |9 236227 |a BIBEDU |b BIBEDU |c BIBEDU_PB |d 2019-11-15 |i 3035557 |o 796.42068 DIG 1978 |p 3035557 |r 2024-01-25 |w 2019-11-15 |y BK |k EDU | ||